000 00993nam a2200241Ia 4500
001 248
003 GE_BSU
008 181216s||||||||xx |||||||||||||| ||und||
020 _a9789941171789
040 _cGE_BSU
080 _a347.214.2(479.22)+347.183(479.22)+351.755.23
100 _aბუცხრიკიძე, გიორგი
245 _aუძრავი ქონების ადმინისტარაციული პრინციპები
245 _bსახელმძღვანელო. ახალციხის სახ. სასწ. უნ-ტი.
260 _aთბილისი
260 _bუნივერსალი
260 _c2010
300 _a427გვ.
541 _h15 ლ.
653 _aუძრავი ქონების ადმინისტარაციული პრინციპები
653 _aქონების მართვის პრინციპები
942 _cBK
999 _c34499
_d34499